History Quiz

Random History or Clickable Quiz

Historical Puns Quiz Stats

 Plays Quiz Updated Aug 18, 2017

Support Sporcle.
Go Orange.
Score 0/20 Timer 06:00
7 Plays Today
% Correct
Ape Lincoln.
96.2%
They had lots of sleepless knights.
95.7%
MAOeow.
95.2%
A leek.
94.8%
In hero-glyphics.
94.7%
By Norse code.
94.6%
A pair of Caesars.
94.5%
Yeah, it cracked me up too.
94.2%
Tsarbucks.
94.1%
But I got over it.
94.1%
% Correct
Linoleum Blownapart.
93.4%
He had a lot on his Plato.
93.4%
He got bad Marx.
93.4%
Of Corsican.
92.2%
Az Tech.
92.2%
Czardines.
92%
I General Lee don't find them funny.
91.9%
Troy Story.
91.5%
A Roman Umpire.
90.2%
Laughayette.
87.4%

From the Vault

Any NFL Team Besides the Rams

by sathyamc

Sports 2m
We promise not to interfere with your quiz playing.
Remove Ads.
Support Sporcle.
Get the best of Sporcle when you Go Orange. This ad-free experience offers more features, more stats, and more fun while also helping to support Sporcle. Thank you for becoming a member.

Show Comments

Extras

Top Quizzes Today


Score Distribution

Your Account Isn't Verified!

In order to create a playlist on Sporcle, you need to verify the email address you used during registration. Go to your Sporcle Settings to finish the process.

Report this User

Report this user for behavior that violates our Community Guidelines.

Details: